000 00532nam a2200205Ia 4500
008 160819s9999 xx 000 0 und d
020 _a978-981-4281-74-4
050 _aCUL TX 725.A1
050 _b.M33 2009
100 _aMacVeigh, Jeremy.
245 _aInternational cuisine /
245 _cJeremy MacVeigh.
260 _aSingapore :
260 _bCengage Learning Asia Pte Ltd.,
260 _c2009
300 _a438 pages :
300 _bcolor illustrations ;
300 _c24 cm.
650 _aInternational cooking.
999 _c300689
_d300689